Histoire de l'Europe par lettre - G - Statistiques

Statistiques générales
  • Ce quiz a été pris 245 fois
    231 depuis la dernière actualisation
  • Le résultat moyen est 10 sur 20
Statistiques - réponses
Indice Réponse % Correct
Traités internationaux sensés garantir les droits humains fondamentaux lors des guerres Convention de {Genève}
93%
Roman d'Émile Zola, fondateur du naturalisme Germinal
88%
Police secrète nazie Gestapo
85%
Nom antique de la France actuelle, conquise par Jules César Gaule
84%
Inventeur de l'imprimerie à caractère mobile Gutenberg
81%
Style architectural né en France au XIIème siècle, à l'origine des cathédrales de Bourges, Chartres ou encore Amiens Gothique
79%
Ville martyre de la guerre-civile espagnole, Picasso a immortalisé son bombardement Guernica
76%
Astronome italien, défenseur de l'héliocentrisme Galilée
75%
Auteur allemand de Faust, considéré comme l'un des plus grands de l'histoire Goethe
64%
Peintre espagnol de Tres de Mayo, opposé à Napoléon Francisco de Goya
62%
Chef-d'œuvre de Léon Tolstoï Guerre et Paix
56%
Sa chute en 1492 marque la fin de la Reconquista Grenade
50%
Royaume haut-médiéval du nord-ouest de la péninsule ibérique Galice
38%
Réforme mise en place par l'Église à partir du XIème siècle Réforme {grégorienne}
38%
Autre nom du duché d'Aquitaine, qui deviendra une province en 1453 Guyenne
25%
Frères romains tentant vainement de réformer la République Romaine Gracques
8%
Gibelins
6%
Factions médiévales d'Italie du nord, une soutenant le Pape et l'autre le Saint-Empire Guelfes
6%
À Sparte, conseil des anciens Gérousie
5%
Victoire lituanienne et polonaise sur les chevaliers teutoniques, une des plus importante de leur histoire Grunwald
2%
Aucun quiz correspondant
Distribution des résultats
% des personnes avec chaque résultat
Percentile par nombre de réponses
Votre historique - résultats
Vous n’avez pas pris ce quiz depuis la dernière actualisation